GT Phân tích hoạt động kinh doanh

Đã lưu trong:
书目详细资料
主要作者: Nguyễn ngọc quang
格式: 图书
语言:Vietnamese
出版: Giáo dục VN 2011
标签: 添加标签
没有标签, 成为第一个标记此记录!
Thư viện lưu trữ: Mạng thư viện Đại học Đà Nẵng
LEADER 00635nam a2200277 4500
001 000026493
003 52
005 20150204120000.0
008 150204s vm 000 vie
020 |c 40000,0000 
040 |a D5 
100 |a Nguyễn ngọc quang 
245 |a GT Phân tích hoạt động kinh doanh 
260 |b Giáo dục VN  |c 2011 
300 |a 248tr. ; 
OWN |a LTT 
999 |a From the UDN01 
TYP |a Monograph 
TYP |a Printed language 
980 |a Mạng thư viện Đại học Đà Nẵng